Quick Pick: 'Rogue One' Characters Quiz Stats

 Plays Quiz Updated Jun 14, 2017

Support Sporcle.
Go Orange.
Score 0/15 Timer 01:30
0 Plays Today
% Correct
Darth Vader
86.8%
Jyn Erso
84.7%
Galen Erso
82.7%
K-2SO
82%
Grand Moff Tarkin
78.6%
Cassian Andor
77.9%
Princess Leia
76.7%
Saw Gerrera
74.4%
% Correct
C-3PO
73%
Bail Organa
72.7%
Mon Mothma
71%
Orson Krennic
70.3%
Chirrut Îmwe
68.4%
Bodhi Rook
67.4%
Baze Malbus
62.6%

Today's Daily Dose

You're not logged in!

Compare scores with friends on all Sporcle quizzes.
OR
Log In
Forgot?

From the Vault

Switching Lanes: Movies

by PenguinsMeercats

Switching movies midway might lead to some confusion.
Remove Ads.
Support Sporcle.
Get the best of Sporcle when you Go Orange. This ad-free experience offers more features, more stats, and more fun while also helping to support Sporcle. Thank you for becoming a member.

Show Comments

Extras

Top Quizzes Today


Score Distribution

Your Account Isn't Verified!

In order to create a playlist on Sporcle, you need to verify the email address you used during registration. Go to your Sporcle Settings to finish the process.

Report this User

Report this user for behavior that violates our Community Guidelines.

Details: